[Event "XXVII MISTRZOSTWA WOJEWÓDZTWA PODLASKIEGO JUNIORÓW DO LAT 18 - C18"]
[Site "Białystok, Poland"]
[Date "2025.05.30"]
[Round "3.4"]
[White "Etel, Szymon"]
[Black "Racis, Michal"]
[Result "1/2-1/2"]
[WhiteElo "1776"]
[BlackElo "2118"]

1. e4 {[%clk 00:30:58]} c6 {[%clk 00:30:44]} {[%emt 00:00:18]} 2. Bd3 {[%clk
00:31:20]} {[%emt 00:00:07]} d5 {[%clk 00:31:07]} {[%emt 00:00:08]} 3. Nc3
{[%clk 00:31:45]} {[%emt 00:00:05]} g6 {[%clk 00:29:16]} {[%emt 00:02:21]} 4.
Nf3 {[%clk 00:31:41]} {[%emt 00:00:33]} Bg7 {[%clk 00:29:33]} {[%emt 00:00:13]}
5. O-O {[%clk 00:32:02]} {[%emt 00:00:09]} e6 {[%clk 00:22:33]} {[%emt
00:07:31]} 6. Re1 {[%clk 00:32:23]} {[%emt 00:00:09]} Ne7 {[%clk 00:22:19]}
{[%emt 00:00:44]} 7. Ne2 {[%clk 00:30:57]} {[%emt 00:01:56]} O-O {[%clk
00:22:28]} {[%emt 00:00:21]} 8. c3 {[%clk 00:31:12]} {[%emt 00:00:15]} c5
{[%clk 00:22:01]} {[%emt 00:00:57]} 9. Bc2 {[%clk 00:31:02]} {[%emt 00:00:39]}
Nbc6 {[%clk 00:22:18]} {[%emt 00:00:14]} 10. exd5 {[%clk 00:30:36]} {[%emt
00:00:54]} Nxd5 {[%clk 00:21:20]} {[%emt 00:01:29]} 11. d4 {[%clk 00:30:50]}
{[%emt 00:00:16]} cxd4 {[%clk 00:21:07]} {[%emt 00:00:44]} 12. Nexd4 {[%clk
00:31:13]} {[%emt 00:00:07]} Nxd4 {[%clk 00:21:16]} {[%emt 00:00:20]} 13. Nxd4
{[%clk 00:31:41]} {[%emt 00:00:02]} b6 {[%clk 00:21:23]} {[%emt 00:00:24]} 14.
Qf3 {[%clk 00:19:53]} {[%emt 00:12:18]} Bb7 {[%clk 00:18:32]} {[%emt 00:03:22]}
15. Qh3 {[%clk 00:20:19]} {[%emt 00:00:03]} Qf6 {[%clk 00:17:44]} {[%emt
00:01:17]} 16. Qg3 {[%clk 00:17:08]} {[%emt 00:03:41]} Qe7 {[%clk 00:14:31]}
{[%emt 00:03:42]} 17. Bg5 {[%clk 00:16:35]} {[%emt 00:01:04]} Qd7 {[%clk
00:12:56]} {[%emt 00:02:04]} 18. Rad1 {[%clk 00:16:42]} {[%emt 00:00:24]} Rac8
{[%clk 00:13:16]} {[%emt 00:00:10]} 19. Qh4 {[%clk 00:15:09]} {[%emt 00:02:03]}
Ba8 {[%clk 00:07:32]} {[%emt 00:06:15]} 20. Bb3 {[%clk 00:15:11]} {[%emt
00:00:28]} Qc7 {[%clk 00:01:10]} {[%emt 00:06:52]} 21. c4 {[%clk 00:13:23]}
{[%emt 00:02:18]} Nb4 {[%clk 00:01:12]} {[%emt 00:00:28]} 22. Be7 {[%clk
00:13:04]} {[%emt 00:00:49]} Nc6 {[%clk 00:01:18]} {[%emt 00:00:24]} 23. Bxf8
{[%clk 00:12:35]} {[%emt 00:00:58]} Bxf8 {[%clk 00:01:33]} {[%emt 00:00:16]} 24.
Nb5 {[%clk 00:11:57]} {[%emt 00:01:08]} Qb7 {[%clk 00:01:45]} {[%emt 00:00:17]}
25. Qg3 {[%clk 00:11:32]} {[%emt 00:00:55]} Qe7 {[%clk 00:01:48]} {[%emt
00:00:27]} 26. Nd4 {[%clk 00:10:11]} {[%emt 00:01:51]} Na5 {[%clk 00:01:51]}
{[%emt 00:00:27]} 27. Rc1 {[%clk 00:06:15]} {[%emt 00:04:26]} Qf6 {[%clk
00:02:05]} {[%emt 00:00:17]} 28. Nb5 {[%clk 00:05:34]} {[%emt 00:01:11]} Nxb3
{[%clk 00:01:42]} {[%emt 00:00:52]} 29. axb3 {[%clk 00:06:02]} {[%emt
00:00:02]} a6 {[%clk 00:01:48]} {[%emt 00:00:24]} 30. Nc3 {[%clk 00:05:54]}
{[%emt 00:00:38]} h5 {[%clk 00:01:49]} {[%emt 00:00:30]} 31. Qe5 {[%clk
00:06:03]} {[%emt 00:00:20]} Qe7 {[%clk 00:01:34]} {[%emt 00:00:45]} 32. Red1
{[%clk 00:06:08]} {[%emt 00:00:26]} Bg7 {[%clk 00:01:23]} {[%emt 00:00:41]} 33.
Qd6 {[%clk 00:06:01]} {[%emt 00:00:36]} Qg5 {[%clk 00:01:41]} {[%emt 00:00:12]}
34. Qg3 {[%clk 00:06:29]} {[%emt 00:00:02]} Qe7 {[%clk 00:01:43]} {[%emt
00:00:29]} 35. Rd3 {[%clk 00:06:35]} {[%emt 00:00:22]} h4 {[%clk 00:01:56]}
{[%emt 00:00:19]} 36. Qg4 {[%clk 00:06:25]} {[%emt 00:00:39]} Rc5 {[%clk
00:01:45]} {[%emt 00:00:42]} 37. f4 {[%clk 00:05:24]} {[%emt 00:01:31]} Rf5
{[%clk 00:01:19]} {[%emt 00:00:55]} 38. Rcd1 {[%clk 00:05:36]} {[%emt
00:00:18]} Bf6 {[%clk 00:01:32]} {[%emt 00:00:17]} 39. Rd7 {[%clk 00:04:31]}
{[%emt 00:01:35]} Qc5+ {[%clk 00:01:45]} {[%emt 00:00:18]} 40. Kh1 {[%clk
00:04:43]} {[%emt 00:00:17]} Qe3 {[%clk 00:01:23]} {[%emt 00:00:51]} 41. Ne2
{[%clk 00:03:05]} {[%emt 00:02:09]} h3 {[%clk 00:01:07]} {[%emt 00:00:46]} 42.
Rd8+ {[%clk 00:02:39]} {[%emt 00:00:57]} Bxd8 {[%clk 00:01:13]} {[%emt
00:00:24]} 43. Rxd8+ {[%clk 00:03:08]} Kg7 {[%clk 00:01:29]} {[%emt 00:00:14]}
44. Rxa8 {[%clk 00:03:20]} {[%emt 00:00:17]} Qe4 {[%clk 00:01:03]} {[%emt
00:00:56]} 45. Qf3 {[%clk 00:02:56]} {[%emt 00:00:54]} Qb1+ {[%clk 00:01:09]}
{[%emt 00:00:24]} 46. Ng1 {[%clk 00:03:24]} {[%emt 00:00:02]} e5 {[%clk
00:01:09]} {[%emt 00:00:31]} 47. Qxh3 {[%clk 00:03:36]} {[%emt 00:00:18]} Rh5
{[%clk 00:01:23]} {[%emt 00:00:16]} 48. Qe3 {[%clk 00:02:20]} {[%emt 00:01:46]}
Qxb2 {[%clk 00:01:38]} {[%emt 00:00:14]} 49. Rxa6 {[%clk 00:01:17]} {[%emt
00:01:34]} exf4 {[%clk 00:01:43]} {[%emt 00:00:24]} 50. Qxb6 {[%clk 00:01:44]}
{[%emt 00:00:03]} Qc3 {[%clk 00:01:45]} {[%emt 00:00:27]} 51. Qc6 {[%clk
00:01:45]} {[%emt 00:00:29]} Rxh2+ {[%clk 00:01:46]} {[%emt 00:00:31]} 52. Kxh2
{[%clk 00:01:49]} {[%emt 00:00:26]} Qg3+ {[%clk 00:02:14]} {[%emt 00:00:01]} 53.
Kh1 {[%clk 00:02:17]} {[%emt 00:00:02]} Qh4+ {[%clk 00:02:38]} {[%emt
00:00:06]} 54. Nh3 {[%clk 00:02:10]} {[%emt 00:00:37]} Qe1+ {[%clk 00:03:02]}
{[%emt 00:00:06]} 55. Kh2 {[%clk 00:02:34]} {[%emt 00:00:06]} Qg3+ {[%clk
00:03:27]} {[%emt 00:00:05]} 56. Kg1 {[%clk 00:02:29]} {[%emt 00:00:35]} Qe1+
{[%clk 00:03:51]} {[%emt 00:00:06]} 57. Kh2 {[%clk 00:02:57]} {[%emt 00:00:02]}
Qg3+ {[%clk 00:04:16]} {[%emt 00:00:05]} 58. Kh1 {[%clk 00:03:23]} {[%emt
00:00:05]} Qe1+ {[%clk 00:04:40]} {[%emt 00:00:06]} 59. Ng1 {[%clk 00:03:40]}
{[%emt 00:00:12]} Qh4+ {[%clk 00:05:04]} {[%emt 00:00:06]} 60. Nh3 {[%clk
00:03:55]} {[%emt 00:00:15]} Qe1+ {[%clk 00:05:28]} {[%emt 00:00:05]} 61. Ng1
{[%clk 00:04:06]} {[%emt 00:00:20]} 1/2-1/2

[Event "XXVII MISTRZOSTWA WOJEWÓDZTWA PODLASKIEGO JUNIORÓW DO LAT 18 - C18"]
[Site "Białystok, Poland"]
[Date "2025.05.31"]
[Round "4.1"]
[White "Pieczulis, Hubert"]
[Black "Racis, Michal"]
[Result "1/2-1/2"]
[WhiteElo "1853"]
[BlackElo "2118"]

1. d4 {[%clk 00:30:57]} {[%emt 00:00:02]} Nf6 {[%clk 00:30:52]} {[%emt
00:00:10]} 2. c4 {[%clk 00:31:21]} {[%emt 00:00:04]} g6 {[%clk 00:31:17]}
{[%emt 00:00:05]} 3. Nc3 {[%clk 00:31:44]} {[%emt 00:00:08]} Bg7 {[%clk
00:31:40]} {[%emt 00:00:07]} 4. e4 {[%clk 00:32:05]} {[%emt 00:00:09]} d6
{[%clk 00:32:05]} {[%emt 00:00:05]} 5. h3 {[%clk 00:32:04]} {[%emt 00:00:30]}
O-O {[%clk 00:32:06]} {[%emt 00:00:30]} 6. Nf3 {[%clk 00:32:15]} {[%emt
00:00:18]} e5 {[%clk 00:31:59]} {[%emt 00:00:38]} 7. dxe5 {[%clk 00:30:26]}
{[%emt 00:02:19]} dxe5 {[%clk 00:32:02]} {[%emt 00:00:28]} 8. Qxd8 {[%clk
00:30:26]} {[%emt 00:00:29]} Rxd8 {[%clk 00:32:25]} {[%emt 00:00:07]} 9. Bg5
{[%clk 00:30:25]} {[%emt 00:00:30]} Nbd7 {[%clk 00:30:15]} {[%emt 00:02:41]} 10.
Rd1 {[%clk 00:30:02]} {[%emt 00:00:53]} Rf8 {[%clk 00:30:04]} {[%emt 00:00:42]}
11. Bd3 {[%clk 00:28:46]} {[%emt 00:01:45]} c6 {[%clk 00:30:19]} {[%emt
00:00:15]} 12. O-O {[%clk 00:25:00]} {[%emt 00:04:16]} Re8 {[%clk 00:28:51]}
{[%emt 00:01:58]} 13. b4 {[%clk 00:22:19]} {[%emt 00:03:11]} a5 {[%clk
00:28:46]} {[%emt 00:00:36]} 14. b5 {[%clk 00:22:42]} {[%emt 00:00:06]} Nh5
{[%clk 00:25:12]} {[%emt 00:04:04]} 15. Ne2 {[%clk 00:18:38]} {[%emt 00:04:34]}
Nc5 {[%clk 00:24:10]} {[%emt 00:01:32]} 16. bxc6 {[%clk 00:13:24]} {[%emt
00:05:44]} bxc6 {[%clk 00:24:29]} {[%emt 00:00:10]} 17. Be3 {[%clk 00:12:34]}
{[%emt 00:01:21]} Nxd3 {[%clk 00:23:13]} {[%emt 00:01:46]} 18. Rxd3 {[%clk
00:12:57]} {[%emt 00:00:07]} Ba6 {[%clk 00:20:19]} {[%emt 00:03:24]} 19. Rc1
{[%clk 00:11:55]} {[%emt 00:01:32]} Nf4 {[%emt 00:00:31]} 20. Rd2 {[%clk
00:09:05]} {[%emt 00:03:20]} Nxe2+ {[%clk 00:20:36]} {[%emt 00:00:12]} 21. Rxe2
{[%clk 00:09:32]} {[%emt 00:00:04]} Rab8 {[%clk 00:20:14]} {[%emt 00:00:51]} 22.
Rec2 {[%clk 00:08:20]} {[%emt 00:01:42]} f6 {[%clk 00:19:41]} {[%emt 00:01:02]}
23. Nd2 {[%clk 00:08:15]} {[%emt 00:00:36]} a4 {[%clk 00:18:58]} {[%emt
00:01:14]} 24. f3 {[%clk 00:06:01]} {[%emt 00:02:43]} Bf8 {[%clk 00:19:18]}
{[%emt 00:00:10]} 25. c5 {[%clk 00:05:51]} {[%emt 00:00:39]} Red8 {[%clk
00:17:57]} {[%emt 00:01:52]} 26. Kf2 {[%clk 00:03:47]} {[%emt 00:02:33]} Rd3
{[%clk 00:15:54]} {[%emt 00:02:34]} 27. Nc4 {[%clk 00:02:30]} {[%emt 00:01:47]}
Bxc4 {[%clk 00:06:46]} {[%emt 00:09:38]} 28. Rxc4 {[%clk 00:02:55]} {[%emt
00:00:04]} f5 {[%clk 00:05:53]} {[%emt 00:01:24]} 29. exf5 {[%clk 00:02:10]}
{[%emt 00:01:15]} gxf5 {[%clk 00:06:16]} {[%emt 00:00:07]} 30. Ke2 {[%clk
00:02:36]} {[%emt 00:00:04]} Rxe3+ {[%clk 00:06:22]} {[%emt 00:00:24]} 31. Kxe3
{[%clk 00:02:46]} {[%emt 00:00:20]} Bh6+ {[%clk 00:06:52]} 32. f4 {[%clk
00:01:29]} {[%emt 00:01:46]} Bxf4+ {[%clk 00:07:15]} {[%emt 00:00:07]} 33. Rxf4
{[%clk 00:01:56]} {[%emt 00:00:03]} exf4+ {[%clk 00:07:36]} {[%emt 00:00:09]}
34. Kxf4 {[%clk 00:02:23]} {[%emt 00:00:03]} Rb2 {[%clk 00:07:38]} {[%emt
00:00:28]} 35. Kxf5 {[%clk 00:02:22]} {[%emt 00:00:31]} Rxa2 {[%clk 00:06:02]}
{[%emt 00:02:06]} 36. Ke6 {[%clk 00:02:27]} {[%emt 00:00:24]} Rxg2 {[%clk
00:06:18]} {[%emt 00:00:15]} 37. Kd7 {[%clk 00:02:50]} {[%emt 00:00:07]} a3
{[%clk 00:05:29]} {[%emt 00:01:19]} 38. Ra1 {[%clk 00:03:13]} {[%emt 00:00:07]}
a2 {[%clk 00:05:25]} {[%emt 00:00:34]} 39. Kxc6 {[%clk 00:03:38]} {[%emt
00:00:05]} Kf7 {[%clk 00:05:34]} {[%emt 00:00:20]} 40. Kc7 {[%clk 00:03:53]}
{[%emt 00:00:16]} Ke6 {[%clk 00:05:25]} {[%emt 00:00:38]} 41. c6 {[%clk
00:03:28]} {[%emt 00:00:56]} Kd5 {[%clk 00:05:39]} {[%emt 00:00:16]} 42. Rd1+
{[%clk 00:03:19]} {[%emt 00:00:39]} Kc5 {[%clk 00:05:29]} {[%emt 00:00:40]} 43.
Rc1+ {[%clk 00:03:38]} {[%emt 00:00:11]} Kd5 {[%clk 00:05:02]} {[%emt
00:00:58]} 44. Rd1+ {[%clk 00:03:41]} {[%emt 00:00:26]} Kc4 {[%clk 00:04:36]}
{[%emt 00:00:56]} 45. Ra1 {[%clk 00:03:50]} {[%emt 00:00:21]} Kb3 {[%clk
00:03:16]} {[%emt 00:01:50]} 46. Kb7 {[%clk 00:03:57]} {[%emt 00:00:24]} Kb2
{[%clk 00:01:57]} {[%emt 00:01:48]} 47. Rxa2+ {[%clk 00:03:52]} {[%emt
00:00:35]} Kxa2 {[%clk 00:02:21]} {[%emt 00:00:06]} 48. c7 {[%clk 00:04:19]}
{[%emt 00:00:03]} Rb2+ {[%clk 00:02:13]} {[%emt 00:00:38]} 49. Ka7 {[%clk
00:04:41]} {[%emt 00:00:08]} Rc2 {[%clk 00:02:35]} {[%emt 00:00:07]} 50. Kb7
{[%clk 00:05:04]} {[%emt 00:00:08]} Kb3 {[%clk 00:02:51]} {[%emt 00:02:03]} 51.
c8=Q Rxc8 {[%emt 00:00:16]} 52. Kxc8 {[%emt 00:00:10]} Kc4 {[%emt 00:00:08]} 53.
Kd7 {[%clk 00:04:47]} {[%emt 00:00:02]} Kd5 {[%emt 00:00:10]} 54. Ke7 {[%clk
00:04:39]} {[%emt 00:00:37]} Ke5 {[%emt 00:00:15]} 55. Kf7 {[%emt 00:00:16]}
Kf4 {[%clk 00:03:53]} {[%emt 00:00:16]} 56. Kf6 {[%clk 00:04:17]} {[%emt
00:01:15]} h5 {[%clk 00:03:45]} {[%emt 00:00:38]} 57. h4 {[%clk 00:04:37]}
{[%emt 00:00:10]} Kg4 {[%clk 00:03:54]} {[%emt 00:00:21]} 58. Ke5 {[%clk
00:05:02]} {[%emt 00:00:05]} Kxh4 {[%clk 00:04:19]} {[%emt 00:00:06]} 59. Kf4
{[%clk 00:05:29]} {[%emt 00:00:03]} Kh3 {[%clk 00:04:39]} {[%emt 00:00:09]} 60.
Kf3 {[%clk 00:05:53]} {[%emt 00:00:06]} h4 {[%clk 00:04:59]} {[%emt 00:00:10]}
61. Kf2 {[%clk 00:06:17]} {[%emt 00:00:06]} Kh2 {[%clk 00:05:23]} {[%emt
00:00:06]} 62. Kf1 {[%clk 00:06:40]} {[%emt 00:00:08]} 1/2-1/2

[Event "XXVII MISTRZOSTWA WOJEWÓDZTWA PODLASKIEGO JUNIORÓW DO LAT 18 - C18"]
[Site "Białystok, Poland"]
[Date "2025.05.31"]
[Round "4.2"]
[White "Kurcinski, Sebastian"]
[Black "Etel, Szymon"]
[Result "0-1"]
[WhiteElo "1628"]
[BlackElo "1776"]

1. e4 {[%clk 00:30:59]} {[%emt 00:00:01]} e6 {[%clk 00:30:17]} {[%emt
00:00:43]} 2. d4 {[%clk 00:31:23]} {[%emt 00:00:06]} d5 {[%clk 00:30:23]}
{[%emt 00:00:24]} 3. exd5 {[%clk 00:31:47]} {[%emt 00:00:05]} exd5 {[%clk
00:30:48]} {[%emt 00:00:05]} 4. Nf3 {[%clk 00:32:13]} {[%emt 00:00:05]} Nf6
{[%clk 00:31:09]} {[%emt 00:00:09]} 5. Bd3 {[%clk 00:31:48]} {[%emt 00:00:54]}
Bg4 {[%clk 00:31:30]} {[%emt 00:00:09]} 6. Bg5 {[%clk 00:32:01]} {[%emt
00:00:17]} Bd6 {[%clk 00:31:40]} {[%emt 00:00:21]} 7. O-O {[%clk 00:31:15]}
{[%emt 00:01:16]} O-O {[%clk 00:32:08]} 8. Nbd2 {[%clk 00:30:41]} {[%emt
00:01:04]} Nbd7 {[%clk 00:32:26]} {[%emt 00:00:13]} 9. Re1 {[%clk 00:29:27]}
{[%emt 00:01:44]} c6 {[%clk 00:32:32]} {[%emt 00:00:24]} 10. c3 {[%clk
00:25:10]} {[%emt 00:04:47]} Qc7 {[%clk 00:32:58]} {[%emt 00:00:04]} 11. Nf1
{[%clk 00:24:24]} {[%emt 00:01:16]} Rae8 {[%clk 00:32:43]} {[%emt 00:00:45]} 12.
Rxe8 {[%clk 00:17:16]} {[%emt 00:07:38]} Rxe8 {[%clk 00:33:10]} {[%emt
00:00:03]} 13. N1d2 {[%clk 00:17:37]} {[%emt 00:00:09]} Bxh2+ {[%clk 00:33:15]}
{[%emt 00:00:25]} 14. Kh1 {[%clk 00:17:47]} {[%emt 00:00:20]} Bf4 {[%clk
00:33:40]} {[%emt 00:00:05]} 15. Bxf4 {[%clk 00:17:47]} {[%emt 00:00:30]} Qxf4
{[%clk 00:34:08]} {[%emt 00:00:02]} 16. Qc2 {[%clk 00:16:22]} {[%emt 00:01:55]}
Ne4 {[%clk 00:34:19]} {[%emt 00:00:19]} 17. Kg1 {[%clk 00:16:37]} {[%emt
00:00:14]} f5 {[%clk 00:33:51]} {[%emt 00:00:58]} 18. Re1 {[%clk 00:14:21]}
{[%emt 00:02:47]} Re6 {[%clk 00:33:30]} {[%emt 00:00:50]} 19. c4 {[%clk
00:13:41]} {[%emt 00:01:11]} Rg6 {[%clk 00:33:33]} {[%emt 00:00:27]} 20. g3
{[%clk 00:10:25]} {[%emt 00:03:46]} Bxf3 {[%clk 00:33:49]} {[%emt 00:00:13]} 21.
Bxe4 {[%clk 00:10:04]} {[%emt 00:00:52]} fxe4 {[%clk 00:34:10]} {[%emt
00:00:10]} 22. Nxf3 {[%clk 00:09:53]} {[%emt 00:00:39]} Qxf3 {[%clk 00:34:26]}
{[%emt 00:00:15]} 0-1

[Event "XXVII MISTRZOSTWA WOJEWÓDZTWA PODLASKIEGO JUNIORÓW DO LAT 18 - C18"]
[Site "Białystok, Poland"]
[Date "2025.05.31"]
[Round "4.3"]
[White "Krynicki, Filip"]
[Black "Bartnik, Michal"]
[Result "1/2-1/2"]
[WhiteElo "1951"]
[BlackElo "1986"]

1. d4 {[%clk 00:30:57]} {[%emt 00:00:03]} Nf6 {[%clk 00:30:56]} {[%emt
00:00:05]} 2. c4 {[%clk 00:31:22]} {[%emt 00:00:05]} e6 {[%clk 00:31:10]}
{[%emt 00:00:16]} 3. Nf3 {[%clk 00:31:46]} {[%emt 00:00:05]} c5 {[%clk
00:31:37]} {[%emt 00:00:04]} 4. d5 {[%clk 00:30:50]} {[%emt 00:01:26]} b5
{[%clk 00:32:02]} {[%emt 00:00:05]} 5. dxe6 {[%clk 00:30:49]} {[%emt 00:00:31]}
fxe6 {[%clk 00:32:26]} {[%emt 00:00:05]} 6. cxb5 {[%clk 00:31:12]} {[%emt
00:00:08]} d5 {[%clk 00:32:52]} {[%emt 00:00:04]} 7. e3 {[%clk 00:30:44]}
{[%emt 00:00:57]} Bd6 {[%clk 00:32:48]} {[%emt 00:00:34]} 8. Be2 {[%clk
00:29:58]} {[%emt 00:01:16]} O-O {[%clk 00:33:12]} {[%emt 00:00:07]} 9. b3
{[%clk 00:28:26]} {[%emt 00:02:01]} a6 {[%clk 00:31:36]} {[%emt 00:02:07]} 10.
Bb2 {[%clk 00:28:00]} {[%emt 00:00:56]} axb5 {[%clk 00:31:36]} {[%emt
00:00:30]} 11. O-O {[%clk 00:23:34]} {[%emt 00:04:55]} b4 {[%clk 00:31:43]}
{[%emt 00:00:24]} 12. a3 {[%clk 00:23:20]} {[%emt 00:00:44]} bxa3 {[%clk
00:31:34]} {[%emt 00:00:39]} 13. Nxa3 {[%clk 00:23:45]} {[%emt 00:00:05]} Nc6
{[%clk 00:29:01]} {[%emt 00:03:02]} 14. Nb5 {[%clk 00:21:18]} {[%emt 00:02:57]}
Rxa1 {[%clk 00:29:05]} {[%emt 00:00:27]} 15. Qxa1 {[%clk 00:21:46]} {[%emt
00:00:02]} Bb8 {[%clk 00:27:18]} {[%emt 00:02:13]} 16. Rc1 {[%clk 00:20:43]}
{[%emt 00:01:37]} Qb6 {[%clk 00:27:40]} {[%emt 00:00:07]} 17. Ba3 {[%clk
00:17:16]} {[%emt 00:03:58]} Ne4 {[%clk 00:22:28]} {[%emt 00:05:41]} 18. Nc3
{[%clk 00:17:05]} {[%emt 00:00:41]} Nb4 {[%clk 00:11:21]} {[%emt 00:11:38]} 19.
g3 {[%clk 00:10:47]} {[%emt 00:06:49]} Nxc3 {[%clk 00:10:30]} {[%emt 00:01:20]}
20. Qxc3 {[%clk 00:10:52]} {[%emt 00:00:26]} Bd6 {[%clk 00:09:45]} {[%emt
00:01:15]} 21. Bxb4 {[%clk 00:06:46]} {[%emt 00:04:35]} Qxb4 {[%clk 00:09:30]}
{[%emt 00:00:44]} 22. Qxb4 {[%clk 00:06:53]} {[%emt 00:00:24]} cxb4 {[%clk
00:09:56]} {[%emt 00:00:04]} 23. Rc6 {[%clk 00:07:03]} {[%emt 00:00:18]} Rd8
{[%clk 00:10:14]} {[%emt 00:00:13]} 24. Nd4 {[%clk 00:06:41]} {[%emt 00:00:53]}
e5 {[%clk 00:09:31]} {[%emt 00:01:13]} 25. Nb5 {[%clk 00:05:57]} {[%emt
00:01:14]} Be7 {[%clk 00:09:48]} {[%emt 00:00:11]} 26. Rc7 {[%clk 00:03:38]}
{[%emt 00:02:51]} Bf6 {[%clk 00:10:04]} {[%emt 00:00:13]} 27. Kf1 {[%clk
00:02:16]} {[%emt 00:01:53]} Bf5 {[%clk 00:09:54]} {[%emt 00:00:40]} 28. Ke1
{[%clk 00:01:40]} {[%emt 00:01:06]} h6 {[%clk 00:08:45]} {[%emt 00:01:39]} 29.
f4 {[%clk 00:00:46]} {[%emt 00:01:24]} exf4 {[%clk 00:06:37]} {[%emt 00:02:38]}
30. gxf4 {[%clk 00:01:15]} Be4 {[%clk 00:03:56]} {[%emt 00:03:11]} 31. Bg4
{[%clk 00:00:45]} {[%emt 00:00:59]} Ra8 {[%clk 00:03:58]} {[%emt 00:00:27]} 32.
Rc8+ {[%clk 00:00:39]} {[%emt 00:00:38]} Rxc8 {[%clk 00:04:19]} {[%emt
00:00:09]} 33. Bxc8 {[%clk 00:01:08]} Kf8 {[%clk 00:04:03]} {[%emt 00:00:46]}
34. Kd2 {[%clk 00:01:05]} {[%emt 00:00:34]} Ke7 {[%clk 00:04:19]} {[%emt
00:00:12]} 35. Bg4 {[%clk 00:00:53]} {[%emt 00:00:43]} 1/2-1/2

[Event "XXVII MISTRZOSTWA WOJEWÓDZTWA PODLASKIEGO JUNIORÓW DO LAT 18 - C18"]
[Site "Białystok, Poland"]
[Date "2025.05.31"]
[Round "4.4"]
[White "Krol, Jan"]
[Black "Chelstowski, Bartosz"]
[Result "1-0"]
[WhiteElo "2064"]
[BlackElo "1643"]

1. e4 {[%clk 00:30:59]} c6 {[%clk 00:30:56]} {[%emt 00:00:05]} 2. d4 {[%clk
00:31:25]} {[%emt 00:00:03]} d5 {[%clk 00:31:23]} {[%emt 00:00:04]} 3. Nc3
{[%clk 00:31:50]} {[%emt 00:00:05]} dxe4 {[%clk 00:31:33]} {[%emt 00:00:19]} 4.
Nxe4 {[%clk 00:32:15]} {[%emt 00:00:05]} Bf5 {[%clk 00:31:58]} {[%emt
00:00:06]} 5. Ng3 {[%clk 00:32:41]} {[%emt 00:00:04]} Bg6 {[%clk 00:32:18]}
{[%emt 00:00:09]} 6. Nf3 {[%clk 00:32:59]} {[%emt 00:00:12]} Nd7 {[%clk
00:32:31]} {[%emt 00:00:18]} 7. h4 {[%clk 00:32:51]} {[%emt 00:00:38]} h6
{[%clk 00:32:55]} {[%emt 00:00:05]} 8. Bd3 {[%clk 00:32:23]} {[%emt 00:00:58]}
Bxd3 {[%clk 00:33:11]} {[%emt 00:00:15]} 9. Qxd3 {[%clk 00:32:51]} {[%emt
00:00:02]} Ngf6 {[%clk 00:32:55]} {[%emt 00:00:46]} 10. Bd2 {[%clk 00:29:37]}
{[%emt 00:03:43]} e6 {[%clk 00:32:36]} {[%emt 00:00:49]} 11. Ne4 {[%clk
00:28:28]} {[%emt 00:01:40]} Nxe4 {[%clk 00:30:26]} {[%emt 00:02:40]} 12. Qxe4
{[%clk 00:28:56]} {[%emt 00:00:02]} Nf6 {[%clk 00:30:44]} {[%emt 00:00:11]} 13.
Qe2 {[%clk 00:29:03]} {[%emt 00:00:23]} Qb6 {[%clk 00:29:57]} {[%emt 00:01:18]}
14. O-O-O {[%clk 00:27:31]} {[%emt 00:02:02]} Rc8 {[%emt 00:15:26]} 15. Rhe1
{[%clk 00:20:29]} Be7 {[%clk 00:20:14]} {[%emt 00:02:48]} 16. Ne5 {[%clk
00:18:24]} {[%emt 00:02:35]} c5 {[%clk 00:12:52]} {[%emt 00:07:53]} 17. d5
{[%clk 00:10:17]} {[%emt 00:08:37]} Nxd5 {[%clk 00:11:11]} {[%emt 00:02:10]} 18.
Qh5 {[%clk 00:10:31]} {[%emt 00:00:16]} g6 {[%clk 00:08:54]} {[%emt 00:02:48]}
19. Qf3 {[%clk 00:10:09]} {[%emt 00:00:51]} Bf6 {[%clk 00:05:40]} {[%emt
00:03:45]} 20. c4 {[%clk 00:05:19]} {[%emt 00:05:20]} Bxe5 {[%clk 00:05:07]}
{[%emt 00:01:03]} 21. Rxe5 {[%clk 00:05:47]} {[%emt 00:00:02]} Ne7 {[%clk
00:05:36]} 22. Bc3 {[%clk 00:05:11]} {[%emt 00:01:06]} Rf8 {[%clk 00:04:20]}
{[%emt 00:01:46]} 23. g4 {[%clk 00:05:22]} {[%emt 00:00:19]} Qc6 {[%clk
00:02:45]} {[%emt 00:02:04]} 24. Qd3 {[%clk 00:05:41]} {[%emt 00:00:11]} b6
{[%clk 00:02:23]} {[%emt 00:00:53]} 25. Qe3 {[%clk 00:05:54]} {[%emt 00:00:16]}
Rd8 {[%clk 00:01:09]} {[%emt 00:01:45]} 26. Rxd8+ {[%clk 00:05:25]} {[%emt
00:00:59]} Kxd8 {[%clk 00:01:38]} {[%emt 00:00:01]} 27. Qxh6 {[%clk 00:05:42]}
{[%emt 00:00:13]} Ke8 {[%clk 00:02:02]} {[%emt 00:00:06]} 28. Qf4 {[%clk
00:05:15]} {[%emt 00:00:56]} Qc7 {[%clk 00:00:46]} {[%emt 00:01:47]} 29. Qf3
{[%clk 00:04:51]} {[%emt 00:00:54]} Qc6 {[%clk 00:01:03]} {[%emt 00:00:13]} 30.
Qg3 {[%clk 00:04:58]} {[%emt 00:00:22]} Qd7 {[%clk 00:00:54]} {[%emt 00:00:39]}
31. Re2 {[%clk 00:04:58]} {[%emt 00:00:27]} Qc8 {[%clk 00:00:39]} {[%emt
00:00:49]} 32. Rd2 {[%clk 00:04:12]} {[%emt 00:01:16]} f5 {[%clk 00:00:40]}
{[%emt 00:00:29]} 33. h5 {[%clk 00:03:54]} {[%emt 00:00:47]} Qc6 {[%clk
00:00:40]} {[%emt 00:00:31]} 34. hxg6 {[%clk 00:03:52]} {[%emt 00:00:32]} Qh1+
{[%clk 00:00:49]} {[%emt 00:00:20]} 35. Rd1 {[%clk 00:03:53]} {[%emt 00:00:29]}
Qh6+ {[%clk 00:01:07]} {[%emt 00:00:13]} 36. g5 {[%clk 00:04:20]} {[%emt
00:00:03]} Qxg6 {[%clk 00:01:22]} {[%emt 00:00:14]} 37. f4 {[%clk 00:04:39]}
{[%emt 00:00:11]} Qh5 {[%clk 00:00:46]} {[%emt 00:01:07]} 38. Re1 {[%clk
00:04:32]} {[%emt 00:00:36]} Kf7 {[%clk 00:00:34]} {[%emt 00:00:42]} 39. Qe3
{[%clk 00:04:55]} {[%emt 00:00:07]} Qg6 {[%clk 00:00:55]} {[%emt 00:00:09]} 40.
Bf6 {[%clk 00:05:21]} {[%emt 00:00:04]} Kg8 {[%clk 00:00:32]} {[%emt 00:00:54]}
41. Bxe7 {[%clk 00:05:38]} {[%emt 00:00:12]} Re8 {[%clk 00:00:41]} {[%emt
00:00:21]} 42. Bf6 {[%clk 00:06:00]} {[%emt 00:00:08]} Qh5 {[%clk 00:00:55]}
{[%emt 00:00:16]} 43. Bc3 {[%clk 00:05:57]} {[%emt 00:00:33]} a5 {[%clk
00:00:55]} {[%emt 00:00:30]} 44. Qe5 {[%clk 00:06:22]} {[%emt 00:00:04]} Qh7
{[%clk 00:01:20]} {[%emt 00:00:06]} 45. Qf6 {[%clk 00:06:36]} {[%emt 00:00:15]}
1-0